| 000 | 00809cam a22002531 4500 | ||
|---|---|---|---|
| 001 | e 48000016 | ||
| 003 | DLC | ||
| 005 | 20260227111233.0 | ||
| 008 | 821213s1947 kyu s000 0 eng c | ||
| 010 | _ae 48000016 | ||
| 035 | _a(OCoLC)9047001 | ||
| 040 |
_aU.S. Office of Education. Library _cDNIE _dDLC |
||
| 042 | _apremarc | ||
| 043 | _an-us-ky | ||
| 050 | 0 | 0 |
_aL152 _b.B35 vol. 15, no. 6 |
| 082 | _a379.173 | ||
| 110 | 1 |
_aKentucky. _bState College, Murray. |
|
| 245 | 1 | 0 | _aBuilding a program for the one-teacher school. |
| 260 |
_aFrankfort, _c1947. |
||
| 300 |
_a[285]-348 p. _c23 cm. |
||
| 490 | 1 |
_aKentucky. Dept. of Education. Educational bulletin, _vv. 15 no. 6 |
|
| 650 | 0 |
_aRural schools _zKentucky. |
|
| 810 | 1 | 0 |
_aKentucky. _bDepartment of Education. _tEducational bulletin, _vv. 15 no. 6. |
| 999 |
_c22078 _d22078 |
||